| 000 | 00514nam a2200193 a 4500 | ||
|---|---|---|---|
| 001 | 20070 | ||
| 003 | CO-ViMGA | ||
| 008 | 141112s2004 ck r 000 u spa d | ||
| 020 | _a9587040724 | ||
| 040 |
_aCO-ViMGA _bspa _cCO-ViMGA |
||
| 082 | 0 | 4 | _aCo863.6 P173c |
| 100 | 1 |
_aParedes, Julio _929114 |
|
| 245 | 1 | 0 | _aLa Celda Sumergida |
| 260 |
_aBogotá : _bEditora Aguilar, _c2003 |
||
| 300 | _a195 p. | ||
| 590 | _aForma de adquisición : Premio Mincultura | ||
| 650 | 1 | 4 |
_aNOVELA COLOMBIANA _91193 |
| 942 |
_2ddc _cBK |
||
| 999 |
_c29185 _d29185 |
||